Statystyki dla Spikselizowana Mapa Afryki

Kliknij tutaj aby rozwiązać quiz!

Ogólne statystyki

  • Ten quiz został rozwiązany 12 607 razy
  • Średni wynik to 198 z 246

Odpowiedzi na mapie

Odpowiedzi skodowane kolorowo w zielono-czerwonej skali na mapie do tego quizu, zgodnie z poniższymi procentami.
 

Statystyki odpowiedzi

Kraj% Poprawnych
Egipt
97%
Republika Poludniowej Afryki
95%
Madagaskar
94%
Algieria
92%
Maroko
92%
Demokratyczna Republika Konga
89%
Niger
88%
Libia
87%
Nigeria
86%
Tunezja
86%
Sudan
85%
Etiopia
84%
Kongo
84%
Somalia
82%
Czad
80%
Kenia
77%
Mali
76%
Senegal
75%
Angola
73%
Sudan Poludniowy
73%
Wybrzeze Kosci Sloniowej
71%
Mauretania
70%
Tanzania
69%
Zambia
69%
Erytrea
68%
Gwinea
68%
Mozambik
68%
Zimbabwe
68%
Ghana
65%
Namibia
65%
Botswana
63%
Kamerun
63%
Uganda
62%
Republika Środkowoafrykańska
61%
Liberia
59%
Gabon
57%
Benin
53%
Burkina Faso
53%
Malawi
47%

Rozkład punktacji

Percentyl według liczby udzielonych odpowiedzi

Procent ludzi z każdym wynikiem

Twoja historia wyników

Nie rozwiązałeś tego quizu